000 02148nam0a2200385 4500
001 RU\NLR\BIBL_A\012235340
005 20241209164932.0
010 _a978-5-6043509-5-9
_9200
021 _aRU
_bАЛ-П-20-00097и
_9АЛ-П-20-0019
035 _a(NLR Aleph) 012235340
035 _a(RuMoRGB)010279385
090 _a11006356
_c11006356
100 _a20200303d2019 k y0rusy50 ca
101 0 _arus
102 _aRU
105 _aac||b|||010zy
181 0 _ai
_baxxe
182 0 _an
200 1 _a75 лет вместе
_eхудожники Тюмени
_e[альбом-каталог выставки
_fДепартамент культуры Тюменской области [и др.]
_gсоставитель: А. С. Новик
_gсоставители раздела "Художники ТРО ВТОО СХР": З. Л. Черниева, А. А. Малкова
_gавтор статьи: Т. И. Борко
_gвступительное слово: Елена Владимировна Майер и др.]
203 _aТекст
_bвизуальный
_cнепосредственный
210 _aТюмень
_c[б. и.]
_d2019
215 _a303 с.
_cил., цв. ил., портр.
_d30
300 _aНа 3-й с.: В год 75-летия Тюмен. обл.
601 0 2 _aСоюз художников России
_cТюменское региональное отделение
_jКаталоги
_xВыставки
_yТюмень, город
_z2019
_92440422
_3RU\NLR\AUTH\6601669725
686 1 _aЩ103(2Р)7л5 л62
702 1 _aНовик
_bА. С.
_f1949-
_gАлександр Сергеевич
_4220
711 1 2 _a"75 лет вместе", выставка
_eТюмень
_f2019
_9699910
_3RU\NLR\AUTH\880519549
712 0 2 _4570
_aСоюз художников России
_cТюменское региональное отделение
_9699912
_3RU\NLR\AUTH\880519550
942 _cBOOK
980 _aNBR
980 _aNB